| 000 | 01142cad a22002175a 4500 | ||
|---|---|---|---|
| 001 | L155307 | ||
| 008 | 120315s2012 xxkqr p 0 a0eng u | ||
| 035 | _a(Sirsi) u155307 | ||
| 041 | 0 | _aeng | |
| 110 | 2 |
_aCMS Cameron McKenna _95874 |
|
| 245 | 0 | 0 |
_aLegal update _breal estate and construction _h[electronic resource] |
| 260 |
_aLondon _bCMS Cameron McKenna LLP _c2012 |
||
| 490 | 0 | _aWinter 2011/2012 | |
| 505 | 2 | _aConcurrent delay: City Inn not law in England, but what is? -- Shedding light on rights of light -- Spendthrift v Pennypincher? Defects and Mitigation -- On demand bonds : Some comfort for contractors? -- Do liquidated damages continue to apply after termination of a contract? -- Exclusions in standard forms for consequential and indirect loss -- Concurrent duties of care for pure economic loss: The final word ? | |
| 520 | _aA legal update from the law firm CMS Cameron McKenna LLP. | ||
| 590 | _aKA NTK | ||
| 651 | 4 |
_aEngland and Wales _y1543- |
|
| 690 |
_aContracts _96232 |
||
| 856 | 4 | 0 |
_uhttps://www.law-now.com/cmck/pdfs/nonsecured/Update.pdf _zView the legal update free of charge at www.law-now.com |
| 942 | _n0 | ||
| 999 |
_c113470 _d113470 |
||